Responses for Show #8184 - Thursday, March 19, 2020

Contestants

[<< previous game]

Aaron Shepard, a Navy JAG officer from Alexandria, Virginia

Michonne Omo, a staff attorney from Walnut Creek, California

Andrea Dragan, a research compliance manager from Silver Spring, Maryland (whose 1-day cash winnings total $19,201)

[next game >>]

Jeopardy! Round responses

HEAR HERE, NEW YORK!
THE PONY EXPRESS
MOCK MEATS
TERMS OF ART
KNOWLEDGE
"POWER"
    $200 3
Carnegie Hall

Michonne
    $200 24
Lincoln

Andrea
    $200 11
a pastel

Michonne
    $200 16
a theory

Andrea
    $200 1
horsepower

Andrea
    $400 7
Benedict

Aaron
    $400 23
(Alex: Less than a minute now.)

the Bible

Michonne
    $400 12
the palette

Michonne
    $400 17
(Andrea: What is enlightenment?)

reason

Andrea
Triple Stumper
    $400 2
a power play

Aaron
    $600 8
the Apollo

Andrea
    $1,000 27
(Andrea: What is the transcontinental railroad?)
...
[The end-of-round signal sounds.]

the transcontinental telegraph

Andrea
    $600 20
umami

Andrea
    $600 13
a mobile

Michonne
    $600 18
analysis

Michonne
    $600 4
J.D. Power

Andrea
    $800 9
Shea Stadium

Michonne
    $800 26
Buffalo Bill Cody

Andrea
    $800 21
a jackfruit

Andrea
    $800 14
(Aaron: What is a convergence point?)

the vanishing point

Aaron
Triple Stumper
    $800 19
(Aaron: [*]? What is [*]?)

a priori

Aaron
    $800 5
power of attorney

Andrea
    $1000 10
Brooklyn Academy of Music

Triple Stumper
    $1000 22
paneer

Andrea
    $1000 15
(Aaron: Uh, al fresca?)
(Andrea: What is al fresco?)
...
(Alex: Both of those are not French, but [*] is French.)

en plein air

AndreaAaron
Triple Stumper
    $1000 25
a polymath

Michonne
    $1000 6
(Andrea: What is Absolute Power?)

The Power of Positive Thinking

Andrea
Triple Stumper

Scores at the first commercial break (after clue 15):

Andrea Michonne Aaron
$200 $2,200 -$1,000

Scores at the end of the Jeopardy! Round:

Andrea Michonne Aaron
$2,400 $4,200 -$200

Double Jeopardy! Round responses

LAKES & RIVERS
THE FIRST MODERN OLYMPICS
ADJECTIVES FOR ANIMALS
HISTORIC ELEMENTS & MINERALS
AUTHORS' OTHER JOBS
CAST IT
    $400 1
(Aaron: [*]?)
...
(Alex: Aaron, you didn't phrase it properly in the form of a question.)

the Great Salt Lake

Aaron
Triple Stumper
    $400 21
Greece

Andrea
    $400 6
wooly

Michonne
    $400 14
Dublin

Aaron
    $400 10
Matthew Perry

Michonne
    $800 2
the Chesapeake

Aaron
    $800 20
gymnastics

Michonne
    $800 7
obedient

Aaron
    $800 16
(Aaron: What is his fist?)

salt

Aaron
Triple Stumper
    $2,600 15
(Aaron: What is a veterinarian?)

a dentist

Aaron
    $800 9
Leonard Nimoy

Michonne
    $1200 3
Oklahoma

Triple Stumper
    $1200 22
the marathon

Michonne
    $1200 8
arboreal

Aaron
    $1200 17
(Aaron: What is a prism?)

a spectrum

AndreaAaron
    $1200 11
(Andrea: Who is Sterling K. Jackson?)
(Alex: [Laughing] No.)

Sterling K. Brown

AndreaMichonne
    $1600 4
the Arno

Andrea
    $1600 23
a discus

Michonne
    $1600 18
migratory

Michonne
    $1600 26
(Aaron: What is mercury?)

arsenic

Aaron
Triple Stumper
    $1600 12
John Cleese

Michonne
    $2000 5
the Vistula

Triple Stumper
    $2,000 24
(Michonne: Uh, what are the Czech Republic and Slovakia?)
...
(Alex: We have less than a minute to go now.)

Austria & Hungary

Michonne
    $2000 19
territorial

Andrea
    $2000 25
Diamond Necklace

Triple Stumper
    $2000 27
[The end-of-round signal sounds.]

(Douglas) Adams

Michonne
    $2000 13
Andrew Lincoln

Michonne

Scores at the end of the Double Jeopardy! Round:

Andrea Michonne Aaron
$6,400 $15,800 -$3,600
(lock game)

[wagering suggestions for these scores]

Final Jeopardy! Round responses

20th CENTURY HISTORY
AndreaWhat is the Phillipines?
$3,600
MichonneWhat is ?
$0
the Philippines

Final scores:

Andrea Michonne Aaron
$10,000 $15,800 -$3,600
2nd place: $2,000 New champion: $15,800 3rd place: $1,000

Game dynamics:

Coryat scores:

Andrea Michonne Aaron
$7,400 $17,800 -$1,000
14 R,
5 W
(including 1 DD)
19 R,
1 W
(including 1 DD)
7 R,
7 W
(including 1 DD)

Combined Coryat: $24,200

[game clues] [game scores] [suggest correction]

Game tape date: 2020-01-15
The J! Archive is created by fans, for fans. Scraping, republication, monetization, and malicious use prohibited; this site may use cookies and collect identifying information. See terms. The Jeopardy! game show and all elements thereof, including but not limited to copyright and trademark thereto, are the property of Jeopardy Productions, Inc. and are protected under law. This website is not affiliated with, sponsored by, or operated by Jeopardy Productions, Inc. Join the discussion at JBoard.tv.